000 00787nas a2200241 4500
001 BR9406941
003 BR-BrBNA
005 20231205093811.0
007 ta
008 230509b bl.|||p| |||| 00| 00por d
040 _aBR-BrBNA
_bpor
_cBiblioteca Nacional de Agricultura
041 _a(Pt)
072 _aF30
100 1 _aBotrel, M. de A.
100 1 _aAlvim, M.J.
245 1 _aAvaliacoes agronomicas de cultivares de capim-elefante em duas regioes fisiograficas do Estado de Minas Gerais
650 _aCapim Elefante
650 _aCaracteristicas Agronomicas
650 _aMinas Gerais
773 0 _tPesquisa Agropecuaria Brasileira (Brazil)
_xISSN 0100-204X
_g(Jan 1992), v. 27(6) p. 835-839
_wBR9406941
909 _a202311
_bLúcia
_c55
_dLúcia Elande
942 _2AGRIS
_n0
_cANA
999 _c140460
_d140460